Programmirovanije na jazyke Paskal' Praktičeskoje rukovodstvo

Enregistré dans:
Détails bibliographiques
Auteur principal: Price, D.
Format: Livre
Langue:russe
Publié: Moskva Mir 1987
Édition:1. izd.
Tags: Ajouter un tag
Pas de tags, Soyez le premier à ajouter un tag!

MARC

LEADER 00000nam a2200000 4500
001 c024558
005 20221219132138.7
041 0 |a rus 
044 |a RU 
245 1 0 |a Programmirovanije na jazyke Paskal'  |b Praktičeskoje rukovodstvo  |c D. Price 
250 |a 1. izd. 
264 1 |a Moskva  |b Mir  |c 1987 
300 |a 231 s. 
100 1 |a Price, D.